Công tác quản lý lao động, vật tư, kỹ thuật trong xí nghiệp công nghiệp quốc doanh /
Wedi'i Gadw mewn:
| Awdur Corfforaethol: | |
|---|---|
| Awduron Eraill: | |
| Fformat: | Sách giấy |
| Iaith: | Vietnamese |
| Cyhoeddwyd: |
H. :
Sự thật,
1978
|
| Tagiau: |
Ychwanegu Tag
Dim Tagiau, Byddwch y cyntaf i dagio'r cofnod hwn!
|
| Thư viện lưu trữ: | Thư viện Trường Đại học Đà Lạt |
|---|
| LEADER | 00724nam a2200289 4500 | ||
|---|---|---|---|
| 001 | DLU140162955 | ||
| 005 | ##20140812 | ||
| 040 | # | # | |a DLU |b vie |
| 041 | # | # | |a vie |
| 044 | # | # | |a vn |
| 082 | # | # | |a 658 |b VIE |
| 110 | # | # | |a Tài liệu học tập |
| 245 | # | # | |a Công tác quản lý lao động, vật tư, kỹ thuật trong xí nghiệp công nghiệp quốc doanh / |c Tài liệu học tập |
| 260 | # | # | |a H. : |b Sự thật, |c 1978 |
| 300 | # | # | |a 130 tr. ; |c 19 cm. |
| 700 | # | # | |a , |e dịch. |
| 923 | # | # | |a TL |
| 991 | # | # | |a SH |
| 992 | # | # | |a 00 |
| 994 | # | # | |a DLU |
| 900 | # | # | |a True |
| 911 | # | # | |a Nguyễn Thị Tưởng |
| 925 | # | # | |a G |
| 926 | # | # | |a A |
| 927 | # | # | |a SH |
| 980 | # | # | |a Thư viện Trường Đại học Đà Lạt |